[Event "TUR-ch U13/18 Girls"]
[Site "Antalya"]
[Date "2023.01.23"]
[Round "3"]
[White "Ozgenc, Aybuke"]
[Black "Koyuncu, Haticesu"]
[Result "0-1"]
[WhiteElo "1167"]
[BlackElo "1554"]
[PlyCount "44"]
[EventDate "2023.01.17"]
[EventType "swiss"]
[EventRounds "9"]
[EventCountry "TUR"]
[SourceTitle "EXT 2024"]
[Source "ChessBase"]
[SourceDate "2023.10.10"]
[SourceVersion "1"]
[SourceVersionDate "2023.10.10"]
[SourceQuality "1"]

1. e4 e6 2. d3 d5 3. Nd2 d4 4. c3 c5 5. Ngf3 Nc6 6. g3 e5 7. Nc4 Qc7 8. Bg2 b5 9. Ncd2 dxc3 10. bxc3 Nf6 11. 0-0 Be7 12. Bb2 Ba6 13. Qc2 Rd8 14. Ne1 0-0 15. f4 Ng4 16. Rf3 c4 17. Nf1 cxd3 18. Nxd3 Nd4 19. Qd1 Nxf3+ 20. Qxf3 Bc5+ 21. Nxc5 Qxc5+ 22. Kh1 Nf2+ 0-1